| 000 | 00816nas a2200277Ia 4500 | ||
|---|---|---|---|
| 001 | A09/R105-29356 | ||
| 003 | IT-MiCISF | ||
| 008 | 161014c99999999xx |||||||||||| ||und|| | ||
| 040 |
_aIT-MiCISF _cIT-MiCISF |
||
| 041 | _aTEDESCO | ||
| 100 | _aFrake Elisabeth | ||
| 210 | _aDajeb | ||
| 222 | _aDajeb | ||
| 240 | _aWandel mit Weile - oder 50 Jahre DAJEB | ||
| 245 | 0 | _aWandel mit Weile - oder 50 Jahre DAJEB | |
| 250 | _a1a ed. | ||
| 260 | _c1999 | ||
| 501 |
_bCISF - Centro Internazionale Studi Famiglia - Via Giotto, 36 20145 MILANO (non commercial uses only) _cCopyright 2016 |
||
| 300 | _app. 50-85 | ||
| 362 | _amaggio [1999] | ||
| 500 | _a Tema: consultori, storia | ||
| 650 |
_aFAMIGLIA - consulenza familiare _varticolo |
||
| 700 | _aAA.VV. | ||
| 942 | _cCR | ||
| 957 | _71 | ||
| 999 |
_a29356 _bSi _g1 _c223654 _d223654 |
||